Nepal : (Record no. 40399)

MARC details
000 -LEADER
fixed length control field 00760nam a22002177a 4500
005 - DATE AND TIME OF LATEST TRANSACTION
control field 20100809151259.0
010 ## - LCCN (DPL NO)
LC control number ENG-99119
020 ## - INTERNATIONAL STANDARD BOOK NUMBER
International Standard Book Number 8181500806
Terms of availability 290.00
035 ## - SYSTEM CONTROL NUMBER
System control number EN-82651
037 ## - SOURCE OF ACQUISITION
Source of stock number/acquisition DBAD/PUB
082 ## - DEWEY DECIMAL CLASSIFICATION NUMBER
Classification number 954.96
100 ## - MAIN ENTRY--PERSONAL NAME
Personal name Kapoor, B. L.
245 ## - TITLE STATEMENT
Title Nepal :
Remainder of title an historical perspective /
Statement of responsibility, etc by B. L. Kapoor
260 ## - PUBLICATION, DISTRIBUTION, ETC. (IMPRINT)
Place of publication, distribution, etc New Delhi
Name of publisher, distributor, etc Aravali Book International
Date of publication, distribution, etc 2008
270 ## - ADDRESS
Address W-30, Okhla Industrial Area, Phase-II
City New Delhi
Postal code 110020
300 ## - PHYSICAL DESCRIPTION
Extent 112p.
Dimensions 22cm (pbk)
650 ## - SUBJECT ADDED ENTRY--TOPICAL TERM
Topical term or geographic name as entry element Kings & Rulers
650 ## - SUBJECT ADDED ENTRY--TOPICAL TERM
Geographic subdivision Nepal
942 ## - ADDED ENTRY ELEMENTS (KOHA)
Source of classification or shelving scheme Dewey Decimal Classification
Item type English Books
Classification part 954.96
Call number suffix KAP
Holdings
Withdrawn status Lost status Not for loan Collection code Home library Current library Date acquired Source of acquisition Cost, normal purchase price Full call number Barcode Copy number Cost, replacement price Koha item type
    Not For Loan Non-fiction D.B.Act.Division D.B.Act.Division 09/08/2010 DBAD/PUB 290.00 954.96 KAP EN-82651 1 290.00 English Books

© Delhi Public Library
Hit Counter
free hit counter